Leonardo DiCaprio - filmy - Statystyki

Ogólne statystyki
  • Ten quiz został rozwiązany 586 razy
  • Średni wynik to 9 z 24
Statystyki odpowiedzi
Charakterystyka Rok wydania Odpowiedź % Poprawnych
Historia kontrowersyjnego brokera z Wall Street. Pochłonięty rządzą władzy i pieniędzy, zaczyna zatracać własne wartości moralne i majątek. 2013 Wilk z Wall Street
94%
Amerykański traper zostaje zaatakowany przez niedźwiedzia. Kiedy jego towarzysze pozostawiają go na pastwę losu, ten zamierza wymierzyć im sprawiedliwość. 2015 Zjawa
81%
Historia pary zakochanych na najsłynniejszym wycieczkowcu świata. Nieświadomi nadchodzącej tragedii, wikłają się w namiętny romans. 1997 TItanic
76%
Drugoligowy aktor powraca do przemysłu filmowego w Los Angeles, który radykalnie zmienił się pod jego nieobecnosć. 2019 Pewnego razu w Hollywood
71%
Utalentowany złodziej ma za zadanie, aby wraz ze swoim zespołem wszczepić skradzioną myśl do ludzkiego umysłu 2010 Incepcja
70%
Szeryf wyrusza do psychiatryka położonego na odseparowanej od lądu wyspie, aby wyjaśnić sprawę zniknięcia pacjentki. 2010 Wyspa tajemnic
66%
Afroamerykański niewolnik zostaje uwolniony z niewoli. Zaczyna dążyć do uwolnienia swojej kochanki z rąk psychopatycznego plantatora, właściciela "Candylandu" 2012 Django
64%
Kolejna adaptacja najsłynniejszej powieści Williama Shakespeare'a, tym razem przeniesiona do współczesnej Verony, Dzieci dwóch zwaśńionych rodzin odkrywają miłość wobec siebie. 1996 Romeo i Julia
59%
Młodociany kasiarz i oszust bawi się w ganianego po całym świecie wraz z inspektorem policji. 2002 Złap mnie jeśli potrafisz
50%
Czarnoskóry rybak oraz przemytnik łączą siły, aby odnaleźć legendarny różowy diament i odmienić swoje życie. Tłem dla wydarzeń jest wojna domowa w Sierra Leone. 2006 Krwawy diament
40%
Gangster w szeregach policji oraz policjant pod przykrywką w mafii zaczynają toczyć niebezpieczną rozgrywkę. 2006 Infiltracja
38%
Młodociany chłopak zajmuje się opieką nad całą rodziną - w tym otyłą matką, kilkoma siostrami i chorym umysłowo bratem. Dopiero poznanie pewnej dziewczyny pozwala mu zmienić swoje nastawienie do życia. 1993 Co gryzie Gilberta Grape'a
37%
Nadrzędny pisarz zaprzyjaźnia się z wpływowym milionerem. Ten zaczyna opowiadać mu swoją niezwykła historię miłosną. 2013 Wielki Gatsby
37%
Milioner oraz pilot zakłada własne linie lotnicze. Nieoczekiwanie przynosi mu to ogromne zainteresowanie rządu i wpływy w świecie filmowym. 2004 Aviator
31%
Ekranizacja jednej z powieści Alexandra Dumasa. Trójka muszkieterów zażenowana i pełna sprzeciwu co do sytuacji panującej w państwie, postanawiają obalić urzędującego Ludwika XIV 1998 Człowiek w żelaznej masce
22%
Awanturniczy młokos wraca po pobycie w więzieniu do rodzimej dzielnicy, aby zemścić się na znanym przywódcy gangu, zabójcy jego ojca. 2002 Gangi Nowego Jorku
20%
Autsajder zamieszkujący tropikalną plażę oferuje parze Francuzów niezapomnianą podróż życia. 2000 Niebiańska plaża
17%
Małżeństwo młodych Amerykanów staje pod znakiem zapytania, kiedy to zaczyna wychodzić na jaw wzajemny żal względem drugiego partnera, spowodowany nie otrzymaniem możliwości samospełnienia. 2008 Droga do szczęścia
16%
Najsłynniejszy dyrektor generalny FBI zaczyna wspominać swoje życie. 2011 J. Edgar
13%
Agent CIA wyrusza na misję do Jordanii, aby zapobiec nadchodzącym zamachom Al-Kaidy wymierzonym w USA. 2008 W sieci kłamstw
9%
Mistrz piśmiennictwa oraz jego butny uczeń nawiązuje naciśnięcie się pętli homoseksualnej fascynacji. 1995 Całkowite zaćmienie
6%
Pisarz wspomina swoje trudne dzieciństwo ze swoim zwyrodniałym ojcem. 1993 Chłopięcy świat
6%
Kobieta, nie mogąca założyć rodziny, z racji opiekowania się obłożnie chorym ojcem, postanawia poprosić o pomoc dawno niewidzianą siostrę. 1996 Pokój Marvina
6%
Przewrażliwiony chłopak zaczyna pisać wiersze, które okazują się odskocznią od doczesnych kłopotów. 1995 Przetrwać w Nowym Jorku
6%
Nie znaleziono quizów pasujących do podanych kryteriów
Rozkład punktacji
Procent ludzi z każdym wynikiem
Percentyl według liczby udzielonych odpowiedzi
Twoja historia wyników
Nie rozwiązałeś tego quizu